Contemporary marketing management : (Record no. 52804)

MARC details
000 -LEADER
fixed length control field 01121nam a22003017a 4500
005 - DATE AND TIME OF LATEST TRANSACTION
control field 2011060805095.0
008 - FIXED-LENGTH DATA ELEMENTS--GENERAL INFORMATION
fixed length control field 110608t xxu||||| |||| 00| 0 eng d
010 ## - LCCN (DPL NO)
LC control number ENG-102579
020 ## - INTERNATIONAL STANDARD BOOK NUMBER
International Standard Book Number 9789380502465
Terms of availability 295.00
035 ## - SYSTEM CONTROL NUMBER
System control number EN-86112
037 ## - SOURCE OF ACQUISITION
Source of stock number/acquisition DBAD / PUB
040 ## - CATALOGING SOURCE
Original cataloging agency dpl
Language of cataloging English
082 ## - DEWEY DECIMAL CLASSIFICATION NUMBER
Classification number 658.8068
100 ## - MAIN ENTRY--PERSONAL NAME
9 (RLIN) 28493
Personal name Idrees, Faheema
110 ## - MAIN ENTRY--CORPORATE NAME
9 (RLIN) 28532
245 ## - TITLE STATEMENT
Title Contemporary marketing management :
Statement of responsibility, etc by Faheema Idrees [and] T. M.Kuthubudeen
Remainder of title strategies and practices /
260 ## - PUBLICATION, DISTRIBUTION, ETC. (IMPRINT)
Place of publication, distribution, etc New Delhi
Name of publisher, distributor, etc KW Publishers
Date of publication, distribution, etc 2010
270 ## - ADDRESS
Address 4676/21, First Floor, Ansari Road, Daryaganj
City New Delhi
Postal code 110002
Telephone number 91.11.23263498/43528107
300 ## - PHYSICAL DESCRIPTION
Extent 156 p. :
Dimensions 24cm (pbk)
Other physical details ill.
500 ## - GENERAL NOTE
General note Includes bibliographical references and index.
610 ## - SUBJECT ADDED ENTRY--CORPORATE NAME
9 (RLIN) 28529
650 ## - SUBJECT ADDED ENTRY--TOPICAL TERM
9 (RLIN) 28496
Topical term or geographic name as entry element Marketing
General subdivision Management
651 ## - SUBJECT ADDED ENTRY--GEOGRAPHIC NAME
9 (RLIN) 28530
700 ## - ADDED ENTRY--PERSONAL NAME
9 (RLIN) 28520
Personal name Kuthubudeen, T. M.
710 ## - ADDED ENTRY--CORPORATE NAME
9 (RLIN) 28535
942 ## - ADDED ENTRY ELEMENTS (KOHA)
Source of classification or shelving scheme Dewey Decimal Classification
Item type English Books
Classification part 658.8068
Call number suffix IDR
Holdings
Withdrawn status Lost status Source of classification or shelving scheme Damaged status Not for loan Collection code Home library Current library Date acquired Source of acquisition Cost, normal purchase price Total Checkouts Full call number Barcode Date last seen Copy number Cost, replacement price Koha item type
    Dewey Decimal Classification   Not For Loan Non-fiction D.B.Act.Division D.B.Act.Division 08/06/2011 DBAD/PUB 295.00   658.8068 IDR EN-86112 08/06/2011 1 295.00 English Books

© Delhi Public Library
Hit Counter
free hit counter